000 00456nam a2200169Ia 4500
999 _c4476
_d4476
020 _a0-67-005822-X
082 _a320.954 JAL-F
100 _aJalan, Bimal
245 0 _aFuture of India: politics, economics and governance
260 _aNew Delhi
_bPenguin Group
_c2005
300 _axiii, 212
504 _aincludes index
650 _aDemocracy
_zIndia
650 _aIndia
_vEconomic conditions
650 _aIndia
_vPolitics and government
942 _cBK